000 00431nam a2200181Ia 4500
001 18026
005 20260306171600.0
008 260306s9999||||xx |||||||||||||| ||und||
041 _aESP
082 _a658.315
_bB85 2002
100 _aBrunet, Luc
_eAUT
245 0 _aEl clima de trabajo en las organizaciones
260 _c2002
300 _a121 páginas :
_c
650 _aGEN
654 _aCAN
942 _cLIB
_dJUS
_fJUS
_2ddc
_n
999 _c18026
_d18026